01632nam a22002657a 450000500170000000800410001702000180005804000240007604100080010004400070010808200160011524502080013126000940033930000730043350400520050650504350055865000410099365000390103465000340107370000450110770000460115270000420119871000870124070000390132720180803165631.0080515s2008 ck abd r 000 0 spa d a9789587160888 aCO-BoPUJcCO-BoIAVH0 aspa ack04a574.5bB27e10aExperiencias de restauración ecológica en Colombia:bentre la sucesión y los disturbios / ceditado por José Ignacio Barrera Cataño, Mauricio Aguilar Garavito y Diana Catalina Rondón Camacho. aBogotá:bPontificia Universidad Javeriana, Escuela de Restauración Ecológicac2008. a272 p.bilustraciones, diagramas, gráficas, mapas y tablasc24 cm. aIncluye referencias bibliográficas (pag. 272) aConceptos básicos par ala restauración ecológica (pag. 21). Herramientas para la restauración ecológica (pag. 49). Experiencias de restauración ecológica en canteras y suelos degradados (pag. 135). Experiencias de restauración ecológica en cuencas y humedales afectados por uso agropecuario y descargas orgánicas (pag. 169). El conocimiento tradicional en la restauración de ecosistemas degradados (pag, 249)14aRestauración ecológicazColombia14aHerramientas de manejo del paisaje24aGestión ambientalzColombia1 aBarrera Cataño, José Iganciodeditor1 aRondón Camacho, Diana Catalinadeditora1 aRivera Rondón, Carlosdfotografía2 aPontificia Universidad JaverianabFacultad de CienciasbDepartamento de Biología1 aAguilar-Garavito, Mauriciodeditor